Золотой жук (Запись № 9692482)

Подробности
000 -МАРКЕР
контрольное поле 01891nam0a2200373 i 4500
001 - ИДЕНТИФИКАТОР ЗАПИСИ
контрольное поле RU\NLR\BIBL_A\010397093
005 - ИДЕНТИФИКАТОР ВЕРСИИ
контрольное поле 20260406140735.0
010 ## - МЕЖДУНАРОДНЫЙ СТАНДАРТНЫЙ НОМЕР КНИГИ (ISBN)
Номер (ISBN) 9785699706914
Тираж 3000
021 ## - НОМЕР ГОСУДАРСТВЕННОЙ РЕГИСТРАЦИИ
Код страны Российская Федерация
Номер 2014-25545
Номер Листа государственной регистраци 1584
035 ## - ДРУГИЕ СИСТЕМНЫЕ НОМЕРА
Идентификатор записи (NILC)RuMoRGB-006768586
035 ## - ДРУГИЕ СИСТЕМНЫЕ НОМЕРА
Идентификатор записи (NLR Aleph) 010397093
100 ## - ДАННЫЕ ОБЩЕЙ ОБРАБОТКИ
Данные общей обработки 20140605d2014 um y0rusy50 ca
101 1# - ЯЗЫК РЕСУРСА
Язык текста, звукозаписи и т.д. русский
Язык оригинала английский
102 ## - СТРАНА ПУБЛИКАЦИИ ИЛИ ПРОИЗВОДСТВА
Страна публикации Российская Федерация
105 ## - ПОЛЕ КОДИРОВАННЫХ ДАННЫХ: ТЕКСТОВЫЕ МАТЕРИАЛЫ, МОНОГРАФИЧЕСКИЕ
Кодированные данные о монографическом текстовом документе y||||||||||||
200 1# - ЗАГЛАВИЕ И СВЕДЕНИЯ ОБ ОТВЕТСТВЕННОСТИ
Основное заглавие Золотой жук
Сведения, относящиеся к заглавию [рассказы. Стихотворения]
Первые сведения об ответственности Эдгар Аллан По
Последующие сведения об ответственности пер. с англ.: [З. Александрова и др.
-- вступ. ст. В. Брюсова
-- примеч. М. Беккер
-- ил. худож. Гюстава Доре]
210 ## - ПУБЛИКАЦИЯ, РАСПРОСТРАНЕНИЕ И ДР.
Место издания, распространения и т.д. Москва
Имя издателя, распространителя и т. д. Эксмо
Дата издания, распространения и т.д. 2014
215 ## - ФИЗИЧЕСКАЯ ХАРАКТЕРИСТИКА
Специфическое обозначение материала и объем 766, [1] с., [12] л. ил.
Размеры 21
225 1# - СЕРИЯ
Основное заглавие серии Шедевры мировой классики
327 0# - ПРИМЕЧАНИЯ О СОДЕРЖАНИИ
Текст примечания Содеж.: рассказы: Метценгерштейн; Рукопись, найденная в бутылке; Необыкновенное приключение некоего Ганса Пфааля; Лигейя; Падение дома Эшеров; Вильям Вильсон; Делец; Убийство на улице Морг; Тайна Мари Роже; Низвержение в Мальстрем [и др.]
333 ## - ПРИМЕЧАНИЯ ОБ ОСОБЕННОСТЯХ РАСПРОСТРАНЕНИЯ И ИСПОЛЬЗОВАНИЯ
Текст примечания 16+
675 ## - УНИВЕРСАЛЬНАЯ ДЕСЯТИЧНАЯ КЛАССИФИКАЦИЯ (UDC/УДК)
Индекс 821.111(73)-32
686 1# - ИНДЕКСЫ ДРУГИХ КЛАССИФИКАЦИЙ
Индекс Ш6(7США)57-44{Лх1976-45}
700 #1 - ИМЯ ЛИЦА - ПЕРВИЧНАЯ ОТВЕТСТВЕННОСТЬ
Графика поля Кириллица
Материалы, к которым относится поле rus
Начальный элемент ввода По
Часть имени, кроме начального элемента ввода Э. А.
Даты 1809-1849
Расширение инициалов личного имени Эдгар Аллан
Системный номер авторитетной/нормативной записи 113225
Идентификатор авторитетной/нормативной записи RU\NLR\AUTH\773219
702 #1 - ИМЯ ЛИЦА - ВТОРИЧНАЯ ОТВЕТСТВЕННОСТЬ
Код отношения Карикатурист, Художник
Графика поля Кириллица
Материалы, к которым относится поле rus
Начальный элемент ввода Доре
Часть имени, кроме начального элемента ввода Г.
Дополнения к именам, кроме дат художник
Даты 1832-1883
Расширение инициалов личного имени Гюстав
Системный номер авторитетной/нормативной записи 1392
Идентификатор авторитетной/нормативной записи RU\NLR\AUTH\7718314
801 #0 - ИСТОЧНИК ЗАПИСИ
Страна Российская Федерация
Организация RuMoRKP
Дата составления 20100816
Правила каталогизации RCR
801 #2 - ИСТОЧНИК ЗАПИСИ
Страна Российская Федерация
Организация РГБ
Дата составления 20140402
Правила каталогизации rcr
801 #1 - ИСТОЧНИК ЗАПИСИ
Страна Российская Федерация
Организация RuMoRKP
Дата составления 20100816
Источник данных rusmarc
942 ## - ДОПОЛНИТЕЛЬНЫЕ ЭЛЕМЕНТЫ ЗАПИСИ (АБИС)
Тип экземпляра АБИС Книга
980 ## - КОЛЛЕКЦИЯ
Название коллекции НБР

Нет доступных экземпляров.